000 00699nam a2200205Ia 4500
005 20250508160027.0
008 008 250505s9999 xx 000 0 eng d
037 _aTextual
040 _aFEDL
_beng
_cFEDL
041 _aeng
_2eng
084 _a407, BAR
_qFEDL
100 _aPater A S Ed.
_9767842
245 0 _aTeaching of primary and secondary languages: Report of the seminar held during 25th to 29th January 1965
245 0 _cBaroda. Centre for Advance Study in Education
260 _aBaroda, India
_bCentre of Advanced Study in Education
_c1965
300 _a66p
700 _a Desai D M Ed. Mody J J Ed.
_9767843
942 _cTEXL
_h407, BAR
999 _c1361166
_d1361166